{"text_format":"3","workbook":"xls","n_sheets":1,"sheets":["Hoja1"],"not_rendered":{"external_links":1,"defined_names":1},"read":"whole","date_system":"1900","formulas":"cached_only"}

{"sheet":"Hoja1","index":0,"n_rows":77,"n_cols":8,"rows_kept":77,"merged":[[9,0,10,0],[9,1,10,1],[9,2,10,2],[9,3,10,3],[9,4,10,4],[9,5,10,5],[9,6,10,6],[9,7,10,7],[72,5,72,6],[73,5,73,6]],"flags":["formulas_cached_only"]}
[]
["Servicio Nacional de Salud"]
["Informe Mensual de Almacén General, Despensa y Medicina "]
[]
["ALMACEN: SUMINISTRO  Y OFICINA "]
["ESTABLECIMIENTO: Hospital Yrene Fernández  REGION II"]
["AREA DE SALUD ________________________MES  ABRIL      AÑO 2020",null,"MES    JULIO",null,"AÑO 2025"]
[]
[]
["ARTICULO","UNIDAD","EXISTENCIA ANTERIOR","ENTRADA","CONSUMIDO","EXISTENCIA FINAL","VALOR UNITARIO","VALOR TOTAL"]
[]
["Papel  81/2 x 11","Resma ",5,5,5,5,{"v":407,"d":"407.00"},{"v":2035,"d":"2,035.00"}]
["Papel  81/2 x 14","Resma ",8,0,1,7,{"v":250,"d":"250.00"},{"v":1750,"d":"1,750.00"}]
["Papel sumadora 2 1/4","Rollo",3,0,0,3,{"v":20,"d":"20.00"},{"v":60,"d":"60.00"}]
["Folder 8 1/2 x 11","Caja",6,0,1,5,{"v":302,"d":"302.00"},{"v":1510,"d":"1,510.00"}]
["Sobre manilla 8 1/2 x 11","UNIDAD",60,0,60,0,{"v":15,"d":"15.00"},{"v":0,"d":"0.00"}]
["Sobre manilla 14 x 17","Unidad",50,0,50,0,{"v":4.7,"d":"4.70"},{"v":0,"d":"0.00"}]
["CD ","UNIDAD",30,0,30,0,{"v":16,"d":"16.00"},{"v":0,"d":"0.00"}]
["Lapiz Carbon ","Caja ",5,0,1,4,{"v":90,"d":"90.00"},{"v":360,"d":"360.00"}]
["Resaltador ","UNIDAD",2,0,1,1,{"v":29,"d":"29.00"},{"v":29,"d":"29.00"}]
["Grapadora ","UNIDAD",1,0,0,1,{"v":225,"d":"225.00"},{"v":225,"d":"225.00"}]
["Postin","Docena ","13",0,1,12,{"v":199,"d":"199.00"},{"v":2388,"d":"2,388.00"}]
["Lapicero azul ","Caja ","10",0,5,5,{"v":98,"d":"98.00"},{"v":490,"d":"490.00"}]
["Lapicero rojo","Caja ","1",0,0,1,{"v":98,"d":"98.00"},{"v":98,"d":"98.00"}]
["Borrador de leche ","Caja",6,0,5,1,{"v":256.4,"d":"256.40"},{"v":256.4,"d":"256.40"}]
["Humectante para dedos","UNIDAD",3,0,0,3,{"v":85,"d":"85.00"},{"v":255,"d":"255.00"}]
["Liquid paper ","UNIDAD ",1,0,0,1,{"v":720,"d":"720.00"},{"v":720,"d":"720.00"}]
["Cinta adhesiva transparente ","UNIDAD",0,0,0,0,{"v":34,"d":"34.00"},{"v":0,"d":"0.00"}]
["Cuaderno","UNIDAD",12,0,2,10,{"v":82,"d":"82.00"},{"v":820,"d":"820.00"}]
["Gomitas ","Caja ",17,0,0,17,{"v":22,"d":"22.00"},{"v":374,"d":"374.00"}]
["Tinta Rollón","UNIDAD",0,0,0,0,{"v":100,"d":"100.00"},{"v":0,"d":"0.00"}]
["Clip pequeñó","Caja",7,0,0,7,{"v":14,"d":"14.00"},{"v":98,"d":"98.00"}]
["Clip grande ","Caja",7,0,4,3,{"v":49,"d":"49.00"},{"v":147,"d":"147.00"}]
["Cartulina ","Unidad ",0,0,0,0,{"v":25,"d":"25.00"},{"v":0,"d":"0.00"}]
["Marcadores 12 udes","Unidad ",5.5,0,0,5.5,{"v":255,"d":"255.00"},{"v":1402.5,"d":"1,402.50"}]
["Grapa ","Caja",9,0,2,7,{"v":79,"d":"79.00"},{"v":553,"d":"553.00"}]
["Sacagrapa","Unidad ",4,0,0,4,{"v":25,"d":"25.00"},{"v":100,"d":"100.00"}]
["Sacapunta","Unidad",9,0,8,1,{"v":35,"d":"35.00"},{"v":35,"d":"35.00"}]
["Perforadora ","Unidad ",2,0,0,2,{"v":430,"d":"430.00"},{"v":860,"d":"860.00"}]
["Tijera ","Unidad",1,0,0,1,{"v":250,"d":"250.00"},{"v":250,"d":"250.00"}]
["Marquintel","Unidad",24,0,12,12,{"v":45,"d":"45.00"},{"v":540,"d":"540.00"}]
["Papel carbon ","Paquete ",1,0,0,1,{"v":350,"d":"350.00"},{"v":350,"d":"350.00"}]
["Toner 650","Unidad",4,0,1,3,{"v":1500,"d":"1,500.00"},{"v":4500,"d":"4,500.00"}]
["Toner 285","Unidad",8,0,2,6,{"v":1150,"d":"1,150.00"},{"v":6900,"d":"6,900.00"}]
["Toner 230","Unidad",3,0,1,2,{"v":2500,"d":"2,500.00"},{"v":5000,"d":"5,000.00"}]
["Toner 217 ","Unidad ",6,0,1,5,{"v":2500,"d":"2,500.00"},{"v":12500,"d":"12,500.00"}]
["Clip carpeta ","Caja",7,0,1,6,{"v":135,"d":"135.00"},{"v":810,"d":"810.00"}]
["Pila Duracell AA","Paquete",4,0,0,4,{"v":160,"d":"160.00"},{"v":640,"d":"640.00"}]
["Recetarios ","Talonarios ",52,0,35,17,{"v":150,"d":"150.00"},{"v":2550,"d":"2,550.00"}]
["Talonarios analitica ","Talonarios ",32,0,9,23,{"v":150,"d":"150.00"},{"v":3450,"d":"3,450.00"}]
["Subtotal",{"$nulls":6},{"v":52055.9,"d":"52,055.90"}]
["Limpieza "]
["Cloro","Caja ",5,0,1,4,419.96,{"v":1679.84,"d":"1,679.84"}]
["Desinfectante","Caja ",8,0,4,4,819.96,{"v":3279.84,"d":"3,279.84"}]
["Jabón de cuaba en pasta ","Caja ",1,2,1,2,{"v":812,"d":"812.00"},{"v":1624,"d":"1,624.00"}]
["Ace ","Saco",4,0,1,3,{"v":973,"d":"973.00"},{"v":2919,"d":"2,919.00"}]
["Suavitel","Unidad",6,0,2,4,{"v":380,"d":"380.00"},{"v":1520,"d":"1,520.00"}]
["Suaper ","Unidad",2,12,8,6,{"v":275,"d":"275.00"},{"v":1650,"d":"1,650.00"}]
["Escoba ","Unidad",10,1,8,3,{"v":150,"d":"150.00"},{"v":450,"d":"450.00"}]
["Jabón líquido","Galón ",5,0,3,2,{"v":275,"d":"275.00"},{"v":550,"d":"550.00"}]
["Nabaja ","Paquete",0,0,0,0,{"v":570,"d":"570.00"},{"v":0,"d":"0.00"}]
["Spray limpia espejo","Unidad",0,0,0,0,{"v":107,"d":"107.00"},{"v":0,"d":"0.00"}]
["Cepillo para inodoro","Unidad",3,0,0,3,{"v":90,"d":"90.00"},{"v":270,"d":"270.00"}]
["Funda roja 35 galones ","unidad",50,500,250,300,{"v":6,"d":"6.00"},{"v":1800,"d":"1,800.00"}]
["Toalla mediana ","Unidad",4,20,0,24,{"v":40,"d":"40.00"},{"v":960,"d":"960.00"}]
["Papel de Baño","Faldo",2,0,1,1,875.88,875.88]
["Toalla absorbente ","Faldo",36,0,24,12,184.99,{"v":2219.88,"d":"2,219.88"}]
["Guante multiuso","Par ",8,12,8,12,{"v":117,"d":"117.00"},{"v":1404,"d":"1,404.00"}]
["funda negras 35 galones ","Unidad",500,500,500,500,32.99,{"v":16495,"d":"16,495.00"}]
["funda negras 30 galones ","Unidad",500,0,280,220,32.99,{"v":7257.8,"d":"7,257.80"}]
["Funda negras 55 galones ","Unidad ",500,500,500,500,32.99,{"v":16495,"d":"16,495.00"}]
["Guante small","Paquete",15,0,6,9,{"v":120,"d":"120.00"},{"v":1080,"d":"1,080.00"}]
[{"$nulls":5},"SUBTOTAL",null,{"v":62530.240000000005,"d":"62,530.24"}]
[{"$nulls":5},"Total general",null,{"v":114586.14000000001,"d":"114,586.14"}]
[]
[]
["Encargada de Almacén",null,null,"Administrador ",null,null,"Directora"]